• 首页
  • 本馆介绍
  • 公告通知
  • 最新文献
  • 馆藏检索
  • 电子资源
  • 读者导购
  • 参考咨询
  • 我的图书馆
  • 登录
  • 详细信息显示
  • 放入我的书架
  • 预约/预借图书
  • 作者相关作品
  • 分类相关作品
  • 丛书相关作品
  • 出版社相关作品

书目信息

  • 表格格式
  • 工作单格式
  • 卡片格式
题名:
数码相机使用
    
 
作者: 董魁如 主编
分册:  
出版信息: 上海   上海教育出版社  2017
页数: 266页
开本: 26cm
丛书名:
单 册:
中图分类: J41 , TB852.12
科图分类:
主题词: 数字照相机--摄影艺术--教材 , 数字照相机--摄影技术--教材
电子资源:
ISBN: 978-7-5444-7747-5
000 01189nam0 2200277 450
001 4032
005 20180527212930.29
010    @a978-7-5444-7747-5@dCNY70.00
100    @a20180217d2017 em y0chiy50 ea
101 0  @achi
102    @aCN@b310000
105    @aa z 000yy
200 1  @a数码相机使用@9shu ma xiang ji shi yong@f董魁如主编
210    @a上海@c上海教育出版社@d2017
215    @a266页@c图@d26cm
300    @a老年大学数码摄影教程/董魁如总主编
300    @a南通市老年大学、镇江市老年大学组编
314    @a董魁如 (1935-),男,出生于上海。1957年南京大学毕业。毕业后一直从事教育工作,历任中学教师、南通教育学院院长、南通职业大学校长。退休后任南通市老年大学校长。
330    @a《数码相机》是老年摄影系列教程中的第二分册。老年摄影教程共由六个分册组成,第二分册的主要内容是介绍数码相机的结构和工作原理,以及市场上各种单反相机和微单相机的性能特点、选购方法等。是老年摄影教程中硬件应用部分。为后续的摄影技艺和创作打好硬件使用的基础。
606 0  @a数字照相机@x摄影艺术@j教材
606 0  @a数字照相机@x摄影技术@j教材
690    @aJ41@v5
690    @aTB852.12@v5
701  0 @a董魁如@9dong kui ru@f(1935-)@4主编
801  0 @aCN@b91MARC@c20180217
905    @aMuseLib@dJ41@e374
    
    数码相机使用/董魁如主编.-上海:上海教育出版社,2017
    266页:图;26cm
    老年大学数码摄影教程/董魁如总主编.-南通市老年大学、镇江市老年大学组编
    
    ISBN 978-7-5444-7747-5:CNY70.00
    《数码相机》是老年摄影系列教程中的第二分册。老年摄影教程共由六个分册组成,第二分册的主要内容是介绍数码相机的结构和工作原理,以及市场上各种单反相机和微单相机的性能特点、选购方法等。是老年摄影教程中硬件应用部分。为后续的摄影技艺和创作打好硬件使用的基础。
●
相关链接 在E读中查询图书 在五车中查询图书 在当当中查询图书 在豆瓣中查询图书


正题名:数码相机使用     索取号:J41/374         预约/预借

序号 登录号 条形码 馆藏地/架位号 状态 备注
1 1111622   211116228   第一样本阅览室/ [索取号:J41/374] 在馆    
2 1111623   211116237   教育系资料室/ [索取号:J41/374] 在馆    
3 1111624   211116246   教育系资料室/ [索取号:J41/374] 在馆    
4 1111625   211116255   第一借阅区/ [索取号:J41/374] 在馆    
唐山师范学院图书馆 欢迎您!
大连网信软件有限公司© 版权所有